An address delivered before the Massachusetts Charitable Mechanick Association, December 21, 1809 : being the anniversary of the choice of officers, and the first triennial celebration of their publick festival /

Bibliographic Details
Main Author: Russell, Benjamin, 1761-1845
Corporate Author: Massachusetts Charitable Mechanic Association
Format: Microform Book
Language:English
Published: Boston : From the press of J. Eliot, jun, 1810.
Subjects:

MARC

Tag First Indicator Second Indicator Subfields
LEADER 00000cam a2200000 a 4500
001 in00001155913
005 20151001052252.0
007 he bmb|||baca
008 880310s1810 mau b 000 0 eng d
035 |a (OCoLC)17604806 
035 |9 AGC7880AM 
040 |a GUA  |c GUA  |d TXA  |d UtOrBLW 
043 |a n-us-ma 
049 |a TXAI 
090 |a Z1201.S45  |b R92525 A32 
099 |a fiche  |a C  |a 10274 
100 1 |a Russell, Benjamin,  |d 1761-1845. 
245 1 3 |a An address delivered before the Massachusetts Charitable Mechanick Association, December 21, 1809 :  |b being the anniversary of the choice of officers, and the first triennial celebration of their publick festival /  |c by Benjamin Russell ; published by order of the Association. 
264 1 |a Boston :  |b From the press of J. Eliot, jun,  |c 1810. 
300 |a 45 pages ;  |c 23 cm. 
336 |a text  |b txt  |2 rdacontent 
337 |a microform  |b h  |2 rdamedia 
338 |a microfiche  |b he  |2 rdacarrier 
500 |a Appendix lists members of the Association (pages [35]-45). 
510 4 |a Sabin  |c 74302 
533 |a Microfiche.  |b Louisville [Ky.] :  |c Lost Cause Press,  |d 1985.   |e 2 microfiches : negative ; 11 x 15 cm.  |f (Selected Americana from Sabin's Dictionary of books relating to America) 
539 |a s  |b 1985  |d kyu  |e n 
500 |a Microform. 
610 2 0 |a Massachusetts Charitable Mechanic Association. 
650 0 |a Industrial arts  |z Massachusetts. 
710 2 |a Massachusetts Charitable Mechanic Association. 
999 |a MARS 
999 f f |s b33d255c-8386-33c6-be82-ac4210e39024  |i 1566609d-38a0-3c2f-acd0-d459203b30c6  |t 0 
952 f f |p default  |a Texas A&M University  |b College Station  |c Sterling C. Evans Library  |d Evans: Microforms (3rd floor)  |t 0  |e fiche C 10274  |h Other scheme  |i microform -- microfiche 
998 f f |a fiche C 10274  |t 0  |l Evans: Microforms (3rd floor)